[Event "Landsturneringen NM i sjakk 2013"]
[Site "Radisson Blu Lillehammer Hotel"]
[Date "2013.06.29"]
[Round "1"]
[White "Alfstad, Jon Tomas"]
[Black "Rosland, Lars-Erik"]
[Result "0-1"]
[WhiteElo "1046"]
[BlackElo "1156"]
[PlyCount "66"]
[EventDate "2013.??.??"]

1. e4 c5 2. Nf3 d6 3. Bb5+ Nc6 4. Bxc6+ bxc6 5. O-O e5 6. b3 Nf6 7. d3 Be7 8.
Bb2 O-O 9. Nbd2 Bg4 10. h3 Bh5 11. Qe2 Re8 12. g4 Nxg4 13. hxg4 Bxg4 14. Rfe1
Bg5 15. Bc3 Qf6 16. Kg2 Bf4 17. Rh1 h5 18. Kf1 d5 19. Ba5 Re7 20. c4 d4 21. Ke1
g5 22. Kd1 h4 23. Kc2 Bxd2 24. Qxd2 Bxf3 25. Rhg1 g4 26. b4 Rb7 27. a3 Rab8 28.
Rab1 h3 29. Rxg4+ Bxg4 30. Rg1 Kf8 31. Rxg4 h2 32. Qe1 Ke7 33. f3 Rh8
0-1

[Event "Landsturneringen NM i sjakk 2013"]
[Site "Radisson Blu Lillehammer Hotel"]
[Date "2013.06.29"]
[Round "1"]
[White "Skotheim, Håvard"]
[Black "Nordbye, Per H"]
[Result "1-0"]
[WhiteElo "1152"]
[BlackElo "1001"]
[PlyCount "65"]
[EventDate "2013.??.??"]

1. e4 e5 2. Nf3 Nc6 3. Bc4 Nf6 4. Ng5 d5 5. exd5 Nxd5 6. d4 Bf5 7. dxe5 Ncb4 8.
Na3 c6 9. c3 Na6 10. O-O Be7 11. Qf3 Be6 12. Qg3 Qc7 13. Nxe6 fxe6 14. Qxg7
O-O-O 15. Nc2 Rdg8 16. Qf7 Nc5 17. Bh6 Rg6 18. Bd2 Rhg8 19. g3 R6g7 20. Qh5 Ne4
21. Bh6 Rg6 22. Rfe1 Rg4 23. Be2 Rh4 24. Qf7 Rxh6 25. Qxg8+ Kd7 26. Bg4 Rg6 27.
Bxe6+ Rxe6 28. Rxe4 Nf6 29. exf6 Rxe4 30. f7 Qd6 31. Qe8+ Kc7 32. f8=Q Bxf8 33.
Qxe4
1-0

[Event "Landsturneringen NM i sjakk 2013"]
[Site "Radisson Blu Lillehammer Hotel"]
[Date "2013.06.29"]
[Round "1"]
[White "Robertsen, Per Nicolai"]
[Black "Simenstad, Karl Edvin"]
[Result "1-0"]
[WhiteElo "1222"]
[BlackElo "1100"]
[PlyCount "50"]
[EventDate "2013.??.??"]

1. e4 e6 2. d4 d5 3. exd5 exd5 4. Nf3 Nf6 5. Bd3 c6 6. O-O Be7 7. Re1 O-O 8.
Nbd2 Nbd7 9. c3 Re8 10. Nf1 Nf8 11. Qc2 h6 12. Bd2 Ne6 13. Ne5 Qc7 14. Re3 Ng5
15. Rae1 Ng4 16. Nxg4 Bxg4 17. Ng3 Bd7 18. Rxe7 Rxe7 19. Rxe7 Ne6 20. Nf5 Kf8
21. Qc1 Re8 22. Rxe8+ Kxe8 23. Bxh6 gxh6 24. Qxh6 Nf8 25. Qd6 Ne6
1-0

[Event "Landsturneringen NM i sjakk 2013"]
[Site "Radisson Blu Lillehammer Hotel"]
[Date "2013.06.29"]
[Round "1"]
[White "Thorvaldsen, Petter"]
[Black "Nesheim, Mathias"]
[Result "0-1"]
[WhiteElo "1172"]
[BlackElo "1000"]
[PlyCount "50"]
[EventDate "2013.??.??"]

1. d4 d5 2. Nf3 Nf6 3. e3 Bf5 4. Bd3 Bg6 5. Bxg6 hxg6 6. O-O e6 7. Ne5 Bd6 8.
f4 Nbd7 9. Nd2 Qe7 10. Ndf3 Ne4 11. c3 O-O 12. Qb3 b6 13. c4 Ndf6 14. a3 c5 15.
Qc2 cxd4 16. exd4 Rac8 17. Qa4 Qc7 18. Nd2 Nxd2 19. Bxd2 Bxe5 20. fxe5 Ne4 21.
Be3 Qxc4 22. Qxa7 Qb3 23. Rf3 Qxb2 24. Raf1 Rc2 25. Bf2 Nd2
0-1

[Event "Landsturneringen NM i sjakk 2013"]
[Site "Radisson Blu Lillehammer Hotel"]
[Date "2013.06.29"]
[Round "1"]
[White "Thingstad, Tormod"]
[Black "Engan, Kari Kristine"]
[Result "1-0"]
[WhiteElo "1186"]
[BlackElo "1055"]
[PlyCount "49"]
[EventDate "2013.??.??"]

1. d4 d5 2. c4 e6 3. Nf3 Nf6 4. Nc3 Be7 5. b3 O-O 6. Bb2 b6 7. e3 Bb7 8. Bd3 h6
9. O-O Nbd7 10. Re1 Re8 11. e4 c6 12. Qc2 Nf8 13. Re2 c5 14. Rd2 N6d7 15. Re1
cxd4 16. Nxd4 Ne5 17. cxd5 Nxd3 18. Qxd3 exd5 19. Nxd5 Bxd5 20. exd5 Qxd5 21.
Nf5 Qb7 22. Qg3 Ne6 23. Nxh6+ Kf8 24. Nf5 Bb4 25. Bxg7+ 1-0

[Event "Landsturneringen NM i sjakk 2013"]
[Site "Radisson Blu Lillehammer Hotel"]
[Date "2013.06.29"]
[Round "1"]
[White "Garmark, Vegard"]
[Black "Nyland, Ingeborg Marie"]
[Result "1-0"]
[WhiteElo "1182"]
[BlackElo "1012"]
[PlyCount "53"]
[EventDate "2013.??.??"]

1. d4 d5 2. c4 dxc4 3. Nc3 h6 4. e4 Nf6 5. Bxc4 e6 6. Nge2 c5 7. d5 e5 8. O-O
Be7 9. f4 exf4 10. Bxf4 Nfd7 11. e5 Nb6 12. Bb5+ Bd7 13. Bxd7+ Qxd7 14. d6 Bg5
15. Nd5 Nxd5 16. Qxd5 Bxf4 17. Rxf4 O-O 18. Raf1 Nc6 19. Qxc5 Rae8 20. Re4 Re6
21. Nd4 Nxd4 22. Qxd4 Rfe8 23. Rc1 Rc8 24. Rxc8+ Qxc8 25. Qc4 Qxc4 26. Rxc4
Rxe5 27. d7
1-0

[Event "Landsturneringen NM i sjakk 2013"]
[Site "Radisson Blu Lillehammer Hotel"]
[Date "2013.06.29"]
[Round "1"]
[White "Hauge, Eirik"]
[Black "Balas, Georg"]
[Result "1-0"]
[WhiteElo "1046"]
[BlackElo "1171"]
[PlyCount "67"]
[EventDate "2013.??.??"]

1. d4 d5 2. Nf3 c5 3. e3 Nc6 4. Nc3 Nf6 5. Bb5 a6 6. Bxc6+ bxc6 7. O-O Bg4 8.
h3 Bxf3 9. Qxf3 e6 10. dxc5 Bxc5 11. Rd1 O-O 12. e4 Qc7 13. exd5 exd5 14. Bf4
Bd6 15. Bxd6 Qxd6 16. Ne4 Nxe4 17. Qxe4 Rfe8 18. Qd3 a5 19. a3 Re6 20. c4 Rd8
21. cxd5 Qxd5 22. Qf1 Qg5 23. Rxd8+ Qxd8 24. Rd1 Qg5 25. Qd3 g6 26. b4 axb4 27.
axb4 Qf4 28. Qc3 Rd6 29. Ra1 f6 30. g3 Qe5 31. Qc4+ Qd5 32. Ra8+ Kg7 33. Ra7+
Rd7 34. Qxd5 1-0

[Event "Landsturneringen NM i sjakk 2013"]
[Site "Radisson Blu Lillehammer Hotel"]
[Date "2013.06.29"]
[Round "1"]
[White "Johnsen, Kjell R"]
[Black "Olsen, Knut"]
[Result "0-1"]
[WhiteElo "1079"]
[BlackElo "1245"]
[PlyCount "68"]
[EventDate "2013.??.??"]

1. d4 d5 2. c4 e6 3. Nc3 Nf6 4. Nf3 b6 5. g3 Bb7 6. Bg2 Nbd7 7. O-O Be7 8. Re1
O-O 9. cxd5 exd5 10. Ne5 h6 11. Nxd7 Qxd7 12. a3 Rfd8 13. b4 c5 14. e4 cxb4 15.
axb4 Bxb4 16. Bd2 Bxc3 17. Bxc3 dxe4 18. Qd2 Bd5 19. Rad1 Qf5 20. Rf1 Qg5 21.
Qf4 Qxf4 22. gxf4 Rac8 23. Bd2 Bc4 24. Rfe1 Bd3 25. Bf1 Bxf1 26. Rxf1 Rxd4 27.
Bc3 Rxd1 28. Rxd1 Rxc3 29. Kg2 Rb3 30. Re1 a5 31. f3 exf3+ 32. Kf2 Ng4+ 33. Kg3
f2+ 34. Kxg4 fxe1=Q
0-1

[Event "Landsturneringen NM i sjakk 2013"]
[Site "Radisson Blu Lillehammer Hotel"]
[Date "2013.06.29"]
[Round "1"]
[White "Røsok, Leiv"]
[Black "Skaslien, Tor"]
[Result "1/2-1/2"]
[WhiteElo "1051"]
[BlackElo "1234"]
[PlyCount "78"]
[EventDate "2013.??.??"]

1. e4 c5 2. Nf3 e6 3. d4 cxd4 4. Nxd4 Nc6 5. c4 Qc7 6. Nc3 Bb4 7. Nxc6 dxc6 8.
Qf3 Ne7 9. a3 Bd6 10. Be2 Ng6 11. g3 O-O 12. Qe3 b6 13. b4 Qe7 14. Bb2 Bb7 15.
O-O-O a5 16. Qd4 Be5 17. Qxb6 axb4 18. Qxb4 c5 19. Qb3 Bc6 20. f4 Bd4 21. Bd3
Rfb8 22. Nb5 Bxb2+ 23. Qxb2 e5 24. f5 Nf8 25. Rd2 Rb7 26. Qb3 Nd7 27. Kc2 Nf6
28. Re1 Rd8 29. Kb1 Rbb8 30. h3 Bxe4 31. g4 Bxd3+ 32. Rxd3 Rxd3 33. Qxd3 Rd8
34. Qc3 Nd7 35. Ka2 f6 36. Rd1 Nb8 37. Rxd8+ Qxd8 38. Qe3 Qd1 39. Qxc5 Qc2+
1/2-1/2

[Event "Landsturneringen NM i sjakk 2013"]
[Site "Radisson Blu Lillehammer Hotel"]
[Date "2013.06.29"]
[Round "2"]
[White "Rosland, Lars-Erik"]
[Black "Hauge, Eirik"]
[Result "1/2-1/2"]
[WhiteElo "1156"]
[BlackElo "1046"]
[PlyCount "82"]
[EventDate "2013.??.??"]

1. d4 Nf6 2. c4 e6 3. Nc3 Bb4 4. a3 Bxc3+ 5. bxc3 b6 6. f3 d5 7. Bg5 Nbd7 8. e3
h6 9. Bh4 Bb7 10. Bd3 Qe7 11. Ne2 Qd6 12. O-O g5 13. Bg3 e5 14. cxd5 Nxd5 15.
c4 Nxe3 16. Qa4 Nxf1 17. Bxe5 Bc6 18. Bxd6 Bxa4 19. Bxc7 Nd2 20. Re1 O-O 21.
Nc3 Bc6 22. d5 Bb7 23. Re2 Nxc4 24. Bxc4 Rac8 25. d6 a6 26. Re7 Nf6 27. Rxf7
Bd5 28. Bxd5 Nxd5 29. Nxd5 Kxf7 30. Nxb6 Ke6 31. Nxc8 Rxc8 32. a4 Kd7 33. a5
Re8 34. Kf2 Re5 35. g3 Rd5 36. Ke3 Re5+ 37. Kf2 Rb5 38. g4 Rb2+ 39. Kg3 Rb3 40.
Kg2 Rb2+ 41. Kg3 Rb3 1/2-1/2

[Event "Landsturneringen NM i sjakk 2013"]
[Site "Radisson Blu Lillehammer Hotel"]
[Date "2013.06.29"]
[Round "2"]
[White "Hageberg, Olav K"]
[Black "Skotheim, Håvard"]
[Result "0-1"]
[WhiteElo "1237"]
[BlackElo "1152"]
[PlyCount "58"]
[EventDate "2013.??.??"]

1. d4 d5 2. e3 Nc6 3. a3 Nf6 4. f4 b6 5. Bd3 Bg4 6. Nf3 e6 7. Nbd2 Be7 8. O-O
O-O 9. Qe1 Bxf3 10. Rxf3 Ng4 11. Qe2 f6 12. Rh3 Nh6 13. c3 e5 14. e4 exd4 15.
exd5 dxc3 16. bxc3 Bc5+ 17. Kh1 Ne7 18. c4 b5 19. Nb3 Bd6 20. c5 Nxd5 21. Qe6+
Kh8 22. cxd6 Re8 23. Qxe8+ Qxe8 24. Bd2 cxd6 25. Re1 Qd7 26. Be4 Qf7 27. Rd3
Ng4 28. Bxd5 Qh5 29. Bxa8 Qxh2# 0-1

[Event "Landsturneringen NM i sjakk 2013"]
[Site "Radisson Blu Lillehammer Hotel"]
[Date "2013.06.29"]
[Round "2"]
[White "Grønn, Torbjørn Vevle"]
[Black "Robertsen, Per Nicolai"]
[Result "1/2-1/2"]
[WhiteElo "1000"]
[BlackElo "1222"]
[PlyCount "83"]
[EventDate "2013.??.??"]

1. e4 c5 2. d4 cxd4 3. c3 dxc3 4. Nxc3 Nc6 5. Bc4 e6 6. a3 a6 7. Be3 b5 8. Ba2
Bb7 9. Rc1 Be7 10. Nf3 Nf6 11. O-O O-O 12. Qd3 Rc8 13. Bb1 Qc7 14. Bg5 Ne5 15.
Nxe5 Qxe5 16. f4 Qd6 17. Rcd1 Qxd3 18. Rxd3 Bc5+ 19. Kh1 Nxe4 20. Rxd7 Bc6 21.
Nxe4 Bxd7 22. Nxc5 Rxc5 23. Be7 Rfc8 24. Bxc5 Rxc5 25. Be4 Bc6 26. Rd1 Kf8 27.
Bxc6 Rxc6 28. Kg1 Ke7 29. Rd2 Rc5 30. Kf2 Rd5 31. Rc2 Kd7 32. Ke3 g5 33. fxg5
Rxg5 34. Rf2 Ke7 35. Rc2 Kd7 36. Rf2 f5 37. Kf4 Rg4+ 38. Ke5 Ke7 39. Re2 Re4+
40. Rxe4 fxe4 41. Kxe4 Kf6 42. Kf4 1/2-1/2

[Event "Landsturneringen NM i sjakk 2013"]
[Site "Radisson Blu Lillehammer Hotel"]
[Date "2013.06.29"]
[Round "2"]
[White "Nesheim, Mathias"]
[Black "Thingstad, Tormod"]
[Result "0-1"]
[WhiteElo "1000"]
[BlackElo "1186"]
[PlyCount "114"]
[EventDate "2013.??.??"]

1. d4 d5 2. Bf4 Nf6 3. Nf3 e6 4. e3 Nbd7 5. Bd3 c5 6. c3 b6 7. Nbd2 Bb7 8. O-O
Be7 9. h3 O-O 10. Ne5 Nxe5 11. dxe5 Ne4 12. Qh5 f5 13. Qe2 Nxd2 14. Qxd2 Qe8
15. c4 Qg6 16. f3 Rad8 17. Qe2 Rd7 18. Rac1 Rfd8 19. Rfd1 Bg5 20. Bh2 d4 21. f4
Bh4 22. Rd2 Bg3 23. Rcd1 Bxh2+ 24. Kxh2 Qh6 25. g3 g5 26. e4 gxf4 27. Rg1 fxg3+
28. Rxg3+ Rg7 29. Rxg7+ Kxg7 30. exf5 Qf4+ 31. Kg1 Qg3+ 32. Kf1 Qxh3+ 33. Ke1
Qh1+ 34. Kf2 exf5 35. Kg3 Qg1+ 36. Kf4 Bc8 37. Qf3 Qe3+ 38. Qxe3 dxe3 39. Re2
Kg6 40. Rg2+ Kf7 41. Kxe3 Rg8 42. Rxg8 Kxg8 43. Kf4 Be6 44. b3 Kf7 45. Bxf5
Bxf5 46. Kxf5 h5 47. Kg5 h4 48. Kxh4 Ke6 49. Kg5 Kxe5 50. Kg6 Kd4 51. Kf5 Kc3
52. Ke5 Kb2 53. Kd5 Kxa2 54. Kc6 Kxb3 55. Kb5 a6+ 56. Kxa6 Kxc4 57. Kxb6 Kb4
0-1

[Event "Landsturneringen NM i sjakk 2013"]
[Site "Radisson Blu Lillehammer Hotel"]
[Date "2013.06.29"]
[Round "2"]
[White "Nytrø, Bjørn"]
[Black "Johnsen, Knut"]
[Result "0-1"]
[WhiteElo "1175"]
[BlackElo "1236"]
[PlyCount "47"]
[EventDate "2013.??.??"]

1. d4 Nf6 2. e3 g6 3. c4 Bg7 4. Bd3 O-O 5. Nc3 d6 6. f4 Nbd7 7. Nf3 Re8 8. O-O
e5 9. fxe5 dxe5 10. e4 exd4 11. Nxd4 Nc5 12. Bg5 Qxd4+ 13. Kh1 Nxd3 14. Qf3 Bg4
15. Bxf6 Bxf3 16. Bxd4 Bxd4 17. gxf3 Ne5 18. Nd5 Red8 19. Rab1 c6 20. Nb4 Nxc4
21. b3 Nd2 22. Kg2 Nxb1 23. Rxb1 Bc3 24. Nc2 0-1

[Event "Landsturneringen NM i sjakk 2013"]
[Site "Radisson Blu Lillehammer Hotel"]
[Date "2013.06.29"]
[Round "2"]
[White "Larsen, Per Magnus"]
[Black "Røsok, Leiv"]
[Result "0-1"]
[WhiteElo "980"]
[BlackElo "1051"]
[PlyCount "86"]
[EventDate "2013.??.??"]

1. d4 Nf6 2. c4 e6 3. Nf3 Be7 4. Nc3 O-O 5. Bf4 d6 6. Qc2 Nbd7 7. e4 c5 8. d5
e5 9. Bd2 b6 10. h3 Bb7 11. Nh4 Re8 12. Nf5 Bf8 13. Be2 g6 14. Nh6+ Kg7 15. g4
Ng8 16. Nxg8 Kxg8 17. h4 Bg7 18. O-O-O f6 19. Kb1 Rf8 20. Qc1 Rf7 21. Bh6 Qf8
22. Bxg7 Rxg7 23. Rdf1 Qe7 24. f4 exf4 25. Qxf4 Rf7 26. Nb5 Ne5 27. h5 g5 28.
Qg3 h6 29. Rh2 Bc8 30. Rhf2 a6 31. Nc3 Bd7 32. Nd1 b5 33. Ne3 Rb8 34. Nf5 Bxf5
35. exf5 bxc4 36. Qc3 Qb7 37. Rd1 Qb4 38. Qxb4 cxb4 39. Rd4 Rc7 40. Kc2 a5 41.
b3 cxb3+ 42. Kxb3 Rc3+ 43. Ka4 Ra3# 0-1

[Event "Landsturneringen NM i sjakk 2013"]
[Site "Radisson Blu Lillehammer Hotel"]
[Date "2013.06.29"]
[Round "2"]
[White "Lillesand, Svein A"]
[Black "Wilhelmsen, Morten"]
[Result "1/2-1/2"]
[WhiteElo "1087"]
[BlackElo "1097"]
[PlyCount "73"]
[EventDate "2013.??.??"]

1. d4 g6 2. c4 Bg7 3. Nc3 e6 4. Nf3 Nf6 5. e4 d6 6. Be2 b6 7. O-O O-O 8. Bg5 h6
9. Bxf6 Bxf6 10. Qd2 Bg7 11. Rad1 Bb7 12. d5 e5 13. Qe3 Nd7 14. Nd2 Nf6 15. f4
Nd7 16. fxe5 Nxe5 17. Nf3 f6 18. Nxe5 fxe5 19. Rxf8+ Bxf8 20. Rf1 Qe7 21. Bg4
Bc8 22. Qg3 Bxg4 23. Qxg4 g5 24. h4 a6 25. Rf5 Bg7 26. hxg5 hxg5 27. Rxg5 Rf8
28. Rf5 Rf6 29. Rxf6 Qxf6 30. Qc8+ Kh7 31. Qxc7 Qh6 32. Qxb6 Qc1+ 33. Kh2 Qh6+
34. Kg1 Qc1+ 35. Kh2 Qh6+ 36. Kg1 Qc1+ 37. Kh2 1/2-1/2

[Event "Landsturneringen NM i sjakk 2013"]
[Site "Radisson Blu Lillehammer Hotel"]
[Date "2013.06.29"]
[Round "2"]
[White "Skaslien, Tor"]
[Black "Sand, Morten"]
[Result "1/2-1/2"]
[WhiteElo "1234"]
[BlackElo "1202"]
[PlyCount "48"]
[EventDate "2013.??.??"]

1. d4 d5 2. Nf3 e6 3. Bf4 Nf6 4. e3 Bd6 5. Bg3 Ne4 6. Nbd2 Nxd2 7. Qxd2 Qe7 8.
Bxd6 Qxd6 9. Bd3 Nd7 10. O-O c5 11. c3 c4 12. Bc2 Nf6 13. Ne5 O-O 14. f4 b5 15.
a3 Ne4 16. Qe1 f6 17. Nf3 Bb7 18. Nd2 Rae8 19. Rf3 e5 20. Nxe4 dxe4 21. fxe5
fxe5 22. Rh3 exd4 23. cxd4 Bc8 24. Rh4 Bf5 1/2-1/2

[Event "Landsturneringen NM i sjakk 2013"]
[Site "Radisson Blu Lillehammer Hotel"]
[Date "2013.06.29"]
[Round "2"]
[White "Endresen, Ola Torstein"]
[Black "Johnsen, Kjell R"]
[Result "1-0"]
[WhiteElo "1200"]
[BlackElo "1079"]
[PlyCount "77"]
[EventDate "2013.??.??"]

1. d4 d5 2. Nc3 Be6 3. Bg5 h6 4. Bh4 g5 5. Bg3 Bg7 6. Nb5 a6 7. Nxc7+ Kf8 8.
Nxa8 Nc6 9. Nc7 Nxd4 10. c3 Nf5 11. Nxe6+ fxe6 12. e4 Nxg3 13. hxg3 Nf6 14.
exd5 Qxd5 15. Qxd5 Nxd5 16. O-O-O Kf7 17. Nf3 g4 18. Nd4 Nc7 19. Bc4 b5 20. Bb3
Nd5 21. a3 Rc8 22. Bxd5 exd5 23. Nf5 e6 24. Nd6+ Kf6 25. Nxc8 Kg6 26. Ne7+ Kf7
27. Nc6 a5 28. Nxa5 Bf6 29. Nc6 Kg6 30. Rhe1 h5 31. Rxe6 Kf5 32. Rxf6+ Kxf6 33.
Rxd5 Ke6 34. Rxh5 Kf6 35. Rxb5 Ke6 36. a4 Kd6 37. Nd4 Kd7 38. a5 Kd6 39. a6 1-0

[Event "Landsturneringen NM i sjakk 2013"]
[Site "Radisson Blu Lillehammer Hotel"]
[Date "2013.06.29"]
[Round "2"]
[White "Engan, Kari Kristine"]
[Black "Amarapala, Anton"]
[Result "0-1"]
[WhiteElo "1055"]
[BlackElo "1014"]
[PlyCount "80"]
[EventDate "2013.??.??"]

1. e4 e5 2. Nf3 Nc6 3. d4 exd4 4. Nxd4 Bc5 5. Nxc6 bxc6 6. c4 Qf6 7. Qe2 d6 8.
Nc3 Bb4 9. Bd2 a5 10. a3 Bc5 11. Be3 Bb6 12. Bxb6 cxb6 13. g3 Ne7 14. Bg2 O-O
15. O-O Ba6 16. Qd3 Rfd8 17. Rfe1 Rab8 18. Rad1 Ng6 19. f4 c5 20. a4 Qe7 21. b3
Bb7 22. Nd5 Bxd5 23. exd5 Qf6 24. Re4 Re8 25. Rde1 Rxe4 26. Rxe4 Qa1+ 27. Kf2
Qb2+ 28. Re2 Qf6 29. Qf3 Ne7 30. g4 Ng6 31. g5 Qd4+ 32. Kg3 Rf8 33. Re4 Qd2 34.
f5 Ne5 35. Qf4 Qc3+ 36. Bf3 Qxb3 37. g6 fxg6 38. Qe3 Qxe3 39. Rxe3 gxf5 40. h3
f4+ 0-1

[Event "Landsturneringen NM i sjakk 2013"]
[Site "Radisson Blu Lillehammer Hotel"]
[Date "2013.06.29"]
[Round "2"]
[White "Elboth, Christian Ancher"]
[Black "Thorvaldsen, Petter"]
[Result "1-0"]
[WhiteElo "1080"]
[BlackElo "1172"]
[PlyCount "51"]
[EventDate "2013.??.??"]

1. e4 e6 2. d4 d5 3. exd5 exd5 4. Nf3 Nf6 5. Bg5 Be7 6. Bd3 c5 7. dxc5 Nc6 8.
O-O O-O 9. a3 Bxc5 10. h3 Be7 11. Re1 Re8 12. Nbd2 Bd7 13. Nb3 h6 14. Bh4 Qb6
15. Rb1 a6 16. c3 Bd6 17. Bxf6 gxf6 18. Bc2 Bg3 19. Rxe8+ Rxe8 20. Qd2 Kg7 21.
Nbd4 Be5 22. Nf5+ Bxf5 23. Bxf5 Bg3 24. Nd4 Be5 25. Bd7 Re7 26. Nf5+ 1-0

[Event "Landsturneringen NM i sjakk 2013"]
[Site "Radisson Blu Lillehammer Hotel"]
[Date "2013.06.29"]
[Round "2"]
[White "Simenstad, Karl Edvin"]
[Black "Ellbro, Anders"]
[Result "1/2-1/2"]
[WhiteElo "1100"]
[BlackElo "1011"]
[PlyCount "58"]
[EventDate "2013.??.??"]

1. d4 e6 2. c4 d5 3. Nc3 Nf6 4. Nf3 b6 5. cxd5 exd5 6. Bd2 Bb7 7. e3 a6 8. Rc1
Nbd7 9. Bd3 c5 10. O-O c4 11. Bc2 b5 12. a3 Be7 13. b4 O-O 14. h3 g6 15. Ne2
Ne4 16. Nc3 f5 17. Nxe4 fxe4 18. Ne1 Nf6 19. f3 Rc8 20. Bc3 Qd6 21. f4 h5 22.
a4 Kg7 23. axb5 axb5 24. Ra1 Ra8 25. Qd2 Rxa1 26. Bxa1 Nh7 27. Qf2 Bc8 28. Bd1
Nf6 29. Bc3 Bf5 1/2-1/2

[Event "Landsturneringen NM i sjakk 2013"]
[Site "Radisson Blu Lillehammer Hotel"]
[Date "2013.06.29"]
[Round "2"]
[White "Balas, Georg"]
[Black "Samskott, Arne"]
[Result "0-1"]
[WhiteElo "1171"]
[BlackElo "1082"]
[PlyCount "74"]
[EventDate "2013.??.??"]

1. d4 d5 2. c4 dxc4 3. Nc3 c6 4. e4 e6 5. Bxc4 b5 6. Bb3 Bb7 7. a3 Bd6 8. Nf3
h6 9. O-O Ne7 10. Re1 O-O 11. Bc2 Nd7 12. Qd3 e5 13. d5 Nc5 14. Qe3 a6 15. Nxe5
Bxe5 16. Qxc5 Bd6 17. Qe3 cxd5 18. exd5 Nxd5 19. Nxd5 Bxd5 20. Qd3 g6 21. g3
Bc4 22. Qc3 Kh7 23. b3 Be6 24. Qe3 Qg5 25. Qxg5 hxg5 26. Bxg5 Rac8 27. Be4 Bxb3
28. Bb7 Rb8 29. Bxa6 Rb6 30. Reb1 Ba4 31. Bxb5 Rxb5 32. Rxb5 Bxb5 33. a4 Be5
34. Ra2 Bc6 35. a5 Rb8 36. h4 Rb1+ 37. Kh2 Rh1# 0-1

[Event "Landsturneringen NM i sjakk 2013"]
[Site "Radisson Blu Lillehammer Hotel"]
[Date "2013.06.29"]
[Round "2"]
[White "Nyland, Ingeborg Marie"]
[Black "Alfstad, Jon Tomas"]
[Result "1-0"]
[WhiteElo "1012"]
[BlackElo "1046"]
[PlyCount "107"]
[EventDate "2013.??.??"]

1. e4 e5 2. Nf3 d6 3. h3 Nf6 4. Nc3 Be7 5. Be2 O-O 6. O-O Nc6 7. a3 Nd4 8. d3
Be6 9. a4 a6 10. Be3 c5 11. b3 Qd7 12. Ng5 h6 13. Nxe6 Qxe6 14. Bf3 Nxf3+ 15.
Qxf3 Rad8 16. Nd5 Nxd5 17. exd5 Qd7 18. c4 Rde8 19. Qg3 Bg5 20. Bxg5 hxg5 21.
Qxg5 f6 22. Qg3 Kf7 23. Rfe1 Ke7 24. Qxg7+ Kd8 25. Qxd7+ Kxd7 26. Re3 Rg8 27.
Rg3 Kd8 28. Rxg8 Rxg8 29. g3 a5 30. Kg2 f5 31. Rh1 f4 32. Kf3 Ke7 33. g4 Rf8
34. g5 Rh8 35. h4 Kf7 36. Kg4 Kg7 37. f3 b6 38. h5 Rh7 39. h6+ Kg6 40. Ra1 Rh8
41. Re1 Rh7 42. Rh1 Rh8 43. h7 Rxh7 44. Rxh7 Kxh7 45. Kf5 Kg7 46. g6 Kg8 47.
Kg5 Kg7 48. Kh5 e4 49. dxe4 b5 50. axb5 a4 51. bxa4 Kg8 52. Kh6 Kh8 53. b6 Kg8
54. b7 1-0

[Event "Landsturneringen NM i sjakk 2013"]
[Site "Radisson Blu Lillehammer Hotel"]
[Date "2013.06.29"]
[Round "2"]
[White "Nordbye, Per H"]
[Black "Suntharalingam, Jeya"]
[Result "0-1"]
[WhiteElo "1001"]
[BlackElo "1118"]
[PlyCount "82"]
[EventDate "2013.??.??"]

1. d4 d5 2. Nf3 Nf6 3. e3 Bg4 4. c4 e6 5. b3 Bb4+ 6. Bd2 Nc6 7. a3 Bxd2+ 8.
Nbxd2 Ne4 9. Qc2 Nxd2 10. Nxd2 Bf5 11. Qc3 O-O 12. Be2 Qf6 13. O-O Rae8 14. Bf3
e5 15. dxe5 Nxe5 16. Qb4 Nxf3+ 17. Nxf3 dxc4 18. Qxc4 c6 19. Nd4 Re4 20. Qc5
Bd7 21. Qxa7 Qg6 22. Rfe1 Bh3 23. g3 Qf6 24. f4 b5 25. Rac1 Rc8 26. Qc5 h6 27.
Qh5 Bd7 28. Qf3 Re7 29. b4 Rce8 30. Kf2 g5 31. fxg5 Qxg5 32. Nxc6 Re6 33. Nd4
Rf6 34. Rc5 Rxf3+ 35. Kxf3 Qg4+ 36. Kf2 Ra8 37. Nxb5 Qh3 38. Kg1 h5 39. Rg5+
Kh7 40. Nd4 Rxa3 41. b5 Ra2 0-1

[Event "Landsturneringen NM i sjakk 2013"]
[Site "Radisson Blu Lillehammer Hotel"]
[Date "2013.06.29"]
[Round "3"]
[White "Thingstad, Tormod"]
[Black "Johnsen, Knut"]
[Result "0-1"]
[WhiteElo "1186"]
[BlackElo "1236"]
[PlyCount "72"]
[EventDate "2013.??.??"]

1. d4 Nf6 2. c4 g6 3. Nf3 Bg7 4. Nc3 O-O 5. Bg5 d6 6. e3 Nbd7 7. Bd3 c5 8. Ne4
cxd4 9. exd4 Qe8 10. O-O h6 11. Bh4 g5 12. Bg3 Nxe4 13. Bxe4 f5 14. Bd5+ Kh8
15. Re1 f4 16. Bh4 gxh4 17. Nxh4 Nf6 18. Qd3 Nxd5 19. cxd5 Rf6 20. Rac1 e6 21.
dxe6 Rxe6 22. Rxe6 Qxe6 23. Ng6+ Kg8 24. Kf1 Qf6 25. Rc7 Bf5 26. Qxf5 Qxd4 27.
Qf7+ Kh7 28. Re7 Qd3+ 29. Re2 Qxg6 30. Qxf4 Qb1+ 31. Re1 Qxb2 32. Qf5+ Kh8 33.
g3 Rf8 34. Re8 Qc1+ 35. Kg2 Qc6+ 36. Qe4 Rxe8 0-1

[Event "Landsturneringen NM i sjakk 2013"]
[Site "Radisson Blu Lillehammer Hotel"]
[Date "2013.06.29"]
[Round "3"]
[White "Skotheim, Håvard"]
[Black "Olsen, Knut"]
[Result "1-0"]
[WhiteElo "1152"]
[BlackElo "1245"]
[PlyCount "49"]
[EventDate "2013.??.??"]

1. e4 e5 2. Nf3 Nc6 3. Bc4 Bc5 4. b4 Bxb4 5. c3 Bc5 6. d4 exd4 7. cxd4 Bb4+ 8.
Bd2 Bxd2+ 9. Nbxd2 d6 10. Qb3 Qe7 11. O-O Nh6 12. Rfe1 O-O 13. Qc3 Bd7 14. e5
dxe5 15. dxe5 Be6 16. Re4 a6 17. a4 Kh8 18. Ra3 Rfd8 19. Bxe6 fxe6 20. Rb3 Rab8
21. Rh4 Nf5 22. Rh3 Ncd4 23. Nxd4 Nxd4 24. Qd3 Nxb3 25. Qxh7# 1-0

[Event "Landsturneringen NM i sjakk 2013"]
[Site "Radisson Blu Lillehammer Hotel"]
[Date "2013.06.29"]
[Round "3"]
[White "Hauge, Eirik"]
[Black "Grønn, Torbjørn Vevle"]
[Result "0-1"]
[WhiteElo "1046"]
[BlackElo "1000"]
[PlyCount "80"]
[EventDate "2013.??.??"]

1. d4 d5 2. Nf3 Nf6 3. e3 Bf5 4. c4 e6 5. Nc3 c6 6. Bd2 Bd6 7. c5 Bc7 8. b4 O-O
9. Be2 Nbd7 10. O-O e5 11. dxe5 Nxe5 12. Nd4 Bg4 13. f4 Bxe2 14. Ncxe2 Nc4 15.
Ng3 Re8 16. Re1 Qd7 17. a4 Ne4 18. Nxe4 Rxe4 19. b5 Rae8 20. bxc6 bxc6 21. Nc2
Nb2 22. Qb1 Rb8 23. Nd4 Nc4 24. Qd3 Rb2 25. Bc3 Rb8 26. Nc2 Qe6 27. Bd4 a5 28.
Rab1 Re8 29. g3 g5 30. Re2 Kf8 31. Rbe1 gxf4 32. gxf4 Bxf4 33. Qc3 Be5 34. Bxe5
Nxe5 35. Nd4 Rg4+ 36. Rg2 Rxg2+ 37. Kxg2 Qg4+ 38. Kf2 Qh4+ 39. Kg2 Ng4 40. Nf3
Qf2+ 0-1

[Event "Landsturneringen NM i sjakk 2013"]
[Site "Radisson Blu Lillehammer Hotel"]
[Date "2013.06.29"]
[Round "3"]
[White "Suntharalingam, Jeya"]
[Black "Hageberg, Olav K"]
[Result "0-1"]
[WhiteElo "1118"]
[BlackElo "1237"]
[PlyCount "76"]
[EventDate "2013.??.??"]

1. e4 c5 2. Nf3 d6 3. d4 cxd4 4. Nxd4 Nf6 5. Nc3 a6 6. Bd3 e5 7. Nf3 Be7 8. Be3
Be6 9. a3 h6 10. b4 b5 11. h3 Nbd7 12. O-O Qc7 13. Qd2 Rc8 14. Ne2 Nb6 15. Ng3
Nc4 16. Qe2 Nxe3 17. Qxe3 O-O 18. a4 Bc4 19. Rfc1 Nh7 20. axb5 axb5 21. Ra7 Qd8
22. Nf5 Bf6 23. Ra6 Be7 24. Rd1 Ng5 25. Nxe7+ Qxe7 26. Nh2 Rfd8 27. Ra7 Rc7 28.
Rda1 Rxa7 29. Rxa7 Rd7 30. Ra6 d5 31. c3 d4 32. cxd4 Rxd4 33. Bxc4 bxc4 34. b5
Qb7 35. f3 Ne6 36. Ng4 Qxb5 37. Qa3 Rd1+ 38. Kh2 Rd8 0-1

[Event "Landsturneringen NM i sjakk 2013"]
[Site "Radisson Blu Lillehammer Hotel"]
[Date "2013.06.29"]
[Round "3"]
[White "Amarapala, Anton"]
[Black "Nytrø, Bjørn"]
[Result "0-1"]
[WhiteElo "1014"]
[BlackElo "1175"]
[PlyCount "84"]
[EventDate "2013.??.??"]

1. d4 e6 2. c4 c5 3. d5 exd5 4. Qxd5 Nf6 5. Qd1 d6 6. e3 Nc6 7. b3 Be7 8. Nf3
O-O 9. Be2 Be6 10. O-O d5 11. Bb2 dxc4 12. bxc4 Qb6 13. Bc3 Ne4 14. Qb3 Qc7 15.
Nbd2 Nd6 16. Rfd1 b5 17. Ne5 b4 18. Nxc6 Qxc6 19. Bf3 Qa6 20. Bxa8 bxc3 21. Bd5
Bxd5 22. cxd5 cxd2 23. Rxd2 Rc8 24. Rc1 Qa5 25. Rb2 c4 26. Qb4 Qxd5 27. f3 Qe5
28. Qc3 Qe6 29. Qe1 f5 30. a4 a5 31. Kf2 Rc5 32. Rb8+ Kf7 33. Ke2 Bf6 34. h3 c3
35. Qd1 Qc4+ 36. Qd3 Qe6 37. Rb6 Rd5 38. Qa6 Rd2+ 39. Kf1 Be7 40. Rxc3 Qa2 41.
Rc1 Rf2+ 42. Ke1 Qd2# 0-1